书目信息 |
| 题名: |
Essential family law
|
|
| 作者: | 摩根, 著 | |
| 分册: | ||
| 出版信息: | 武汉 武汉大学出版社 2004 |
|
| 页数: | 162页 | |
| 开本: | 20cm | |
| 丛书名: | 影印版法学基础系列 | |
| 单 册: | ||
| 中图分类: | D956.139 | |
| 科图分类: | ||
| 主题词: | 婚姻法--高等学校--英文--教材 | |
| 电子资源: | ||
| ISBN: | 7-307-04230-4 | |
| 000 | 01083nam 2200301 45 | |
| 001 | 192004004332 | |
| 005 | 20070914093617.42 | |
| 010 | @a7-307-04230-4@dCNY9.00 | |
| 100 | @a20070604d2004 ekmy0chiy0121 ba | |
| 101 | 0 | @aeng |
| 102 | @aCN@b420000 | |
| 105 | @ay n 001yy | |
| 200 | 1 | @aEssential family law@AEssential family law@fKeith Morgan@d= 家庭法基础@f基思·摩根@zchi |
| 205 | @a第2版 | |
| 210 | @a武汉@c武汉大学出版社@d2004 | |
| 215 | @a162页@d20cm | |
| 225 | 2 | @a影印版法学基础系列@Aying yin ban fa xue ji chu ji lie |
| 300 | @a并列题名:家庭法基础 | |
| 306 | @a本书中文版专有出版权由英国卡文迪什出版有限公司授予武汉大学出版社出版 | |
| 320 | @a有索引 | |
| 330 | @a本书对英国婚姻家庭法领域的主要立法和司法实践情况作了全面的介绍, 以分析法条规定和案例相结合的方式, 阐明了英国婚姻家庭法领域的基本制度和原则。 | |
| 410 | 0 | @12001 @a影印版法学基础系列 |
| 510 | 1 | @a家庭法基础@zchi |
| 606 | 0 | @a婚姻法@x高等学校@x英文@j教材 |
| 690 | @aD956.139@v4 | |
| 701 | 1 | @a摩根,@Amo gen@bK.@g(Morgan, Keith)@4著 |
| 801 | 0 | @aCN@c20070914 |
| 905 | @dD956.139@eM823=2 | |
| Essential family law/Keith Morgan= 家庭法基础/基思·摩根.-第2版.-武汉:武汉大学出版社,2004 |
| 162页;20cm.-(影印版法学基础系列) |
| 并列题名:家庭法基础 |
| ISBN 7-307-04230-4:CNY9.00 |
| 本书对英国婚姻家庭法领域的主要立法和司法实践情况作了全面的介绍, 以分析法条规定和案例相结合的方式, 阐明了英国婚姻家庭法领域的基本制度和原则。 |
| ● |
| 相关链接 |
|
|
|
正题名:Essential family law
索取号:D956.139/M823=2
 
预约/预借
| 序号 | 登录号 | 条形码 | 馆藏地/架位号 | 状态 | 备注 |
| 1 | 616364 | 206163649 | 社科库509/509社科库 107排2列4层/ [索取号:D956.139/M823=2] | 在馆 | |
| 2 | 616365 | 206163658 | 社科库509/509社科库 107排2列4层/ [索取号:D956.139/M823=2] | 在馆 | |
| 3 | 616366 | 206163667 | 社科库509/509社科库 107排2列4层/ [索取号:D956.139/M823=2] | 在馆 |